00310 a2200121 4500001000700000020001800007040003500025100002300060240004500083245004000128300001100168362000900179156865 a9788581810584 cEscola São Tomás de Aquino aDOLHNIKOFF, Miriam10aJogo da história nos dias de hojelpor10aJogo da história nos dias de hoje a224 p.0 a2012